| 000 | 01104cam a22003733a 4500 | ||
|---|---|---|---|
| 001 | 12833852 | ||
| 003 | OSt | ||
| 005 | 20140310184521.0 | ||
| 008 | 011121s2001 nyu j 000 f eng d | ||
| 010 | _a 2002581289 | ||
| 020 | _a9780439176873 | ||
| 020 | _a0439176875 | ||
| 035 | _a(OCoLC)ocm48470667 | ||
| 040 |
_aFTL _cFTL _dIHI _dDLC |
||
| 042 | _alccopycat | ||
| 050 | 0 | 0 |
_aPZ 7 _b.N736 2008 |
| 100 | 1 |
_aNix, Garth. _919379 |
|
| 245 | 1 | 4 |
_aThe violet keystone / _cGarth Nix. |
| 260 |
_aNew York : _bScholastic, _c2008. |
||
| 300 |
_a233 p. ; _c20 cm. |
||
| 490 | 1 |
_aThe seventh tower ; _vbk. 6 |
|
| 521 | _aG6 | ||
| 526 | _c780 | ||
| 650 | 0 |
_aImaginary places _vFiction. _929803 |
|
| 650 | 0 |
_aMagic _vFiction. _929804 |
|
| 650 | 0 |
_aFantasy. _93293 |
|
| 655 | 7 |
_aFantasy fiction. _2gsafd _93053 |
|
| 710 | 2 |
_aCopyright Paperback Collection (Library of Congress) _5DLC _9705 |
|
| 800 | 1 |
_aNix, Garth. _tSeventh tower ; _vbk. 6. _929805 |
|
| 906 |
_a7 _bcbc _ccopycat _d2 _encip _f20 _gy-genrareb |
||
| 942 |
_2lcc _cBK-SCHOLAS |
||
| 999 |
_c35029 _d35029 |
||